| 000 | 02949 a2200301 4500 | ||
|---|---|---|---|
| 005 | 20090420102351.0 | ||
| 008 | 090420t xxu||||| |||| 00| 0 hin d | ||
| 010 | _aB-301459-495 | ||
| 020 |
_c125.00 _a8188557781 |
||
| 035 | _aB-301459-495 | ||
| 037 | _bराजस्थान प्रकाशन | ||
| 040 |
_adpl _bhn |
||
| 082 | _a613.7046 | ||
| 100 | _aसोलंकी, हरिसिंह | ||
| 245 |
_aस्वास्थ्य सौन्दर्य में योग / _cहरिसिंह सोलंकी |
||
| 260 |
_aजयपुर _bराजस्थान प्रकाशन _c2007 |
||
| 270 |
_a28/29, त्रिपोलिया बाजार _bजयपुर _e2 |
||
| 300 |
_a100पृ _c22सेमी (सजिल्द) _bसचित्र |
||
| 942 |
_adpl _cHN _k / _2ddc _h613.7046 _mसोलंकी |
||
| 999 |
_c12439 _d12439 |
||